[Event "POL-chT3 Swietokrzyskie"]
[Site "Poland"]
[Date "2015.03.28"]
[Round "2.7"]
[White "Pilka, Kazimierz"]
[Black "Furman, Justyna"]
[Result "0-1"]
[WhiteElo "1479"]
[BlackElo "1755"]
[PlyCount "37"]
[EventDate "2015.03.28"]
[EventType "team-swiss"]
[EventRounds "9"]
[EventCountry "POL"]
[SourceTitle "EXT 2019"]
[Source "ChessBase"]
[SourceDate "2018.10.10"]
[SourceVersion "1"]
[SourceVersionDate "2018.10.10"]
[SourceQuality "1"]

1. e4 e6 2. b3 d5 3. exd5 exd5 4. Bb2 Nf6 5. Qe2+ Be6 6. g3 Bd6 7. Bh3 0-0 8. Kf1 Re8 9. Qf3 Nbd7 10. Nc3 c6 11. Kg2 Ne5 12. Qd1 d4 13. Nce2 Bd5+ 14. f3 d3 15. Nc3 Bc5 16. Na4 Bxg1 17. Bxe5 Rxe5 18. Rxg1 Re2+ 19. Kf1 0-1

[Event "Rewal op-B 13th"]
[Site "Rewal"]
[Date "2008.08.23"]
[Round "4"]
[White "Furman, Justyna"]
[Black "Szewczyk, Janusz"]
[Result "1-0"]
[WhiteElo "1785"]
[BlackElo "2048"]
[PlyCount "117"]
[EventDate "2008.08.19"]
[EventType "swiss"]
[EventRounds "9"]
[EventCountry "POL"]
[SourceTitle "CBM 126 Extra"]
[Source "ChessBase"]
[SourceDate "2008.11.05"]
[SourceVersion "1"]
[SourceVersionDate "2008.11.05"]
[SourceQuality "1"]

1. e4 e5 2. Nc3 Nf6 3. f4 exf4 4. Nf3 Bc5 5. d4 Bb4 6. Bd3 d5 7. exd5 Qe7+ 8. Qe2 Qxe2+ 9. Kxe2 Bxc3 10. bxc3 Nxd5 11. c4 Ne3 12. Bxe3 fxe3 13. Kxe3 0-0 14. Rab1 b6 15. Be4 c6 16. Ne5 Re8 17. Kd3 f6 18. Nxc6 Rxe4 19. Kxe4 Nxc6 20. Rb3 Bb7 21. d5 Re8+ 22. Kd3 Ne5+ 23. Kd4 Rc8 24. Rc3 Rc5 25. Rb1 Kf7 26. Rb5 Nd7 27. Ra3 a6 28. Rxb6 Rxc4+ 29. Kxc4 Nxb6+ 30. Kc5 Nd7+ 31. Kd4 Ke7 32. c4 Kd6 33. Rb3 Kc7 34. c5 Ne5 35. c6 Nxc6+ 36. dxc6 Bxc6 37. g3 a5 38. Kc5 a4 39. Re3 Kd7 40. a3 f5 41. Rd3+ Kc7 42. Rd6 Be4 43. Ra6 Bc2 44. Ra7+ Kd8 45. Rxg7 h6 46. Rh7 f4 47. Rh8+ Ke7 48. gxf4 Kf6 49. Rxh6+ Kf5 50. Kb4 Kxf4 51. Ra6 Kg4 52. Rxa4 Kh3 53. Ra7 Kxh2 54. Rg7 Kh3 55. a4 Kh4 56. a5 Bd3 57. Kc5 Kh5 58. Kb6 Kh6 59. Rg1 1-0

[Event "POL-chT2 U20 Girls"]
[Site "Lublin"]
[Date "2007.07.12"]
[Round "7"]
[White "Furman, Justyna"]
[Black "Szybka, Joanna"]
[Result "1/2-1/2"]
[WhiteElo "1804"]
[BlackElo "1740"]
[PlyCount "65"]
[EventDate "2007.07.07"]
[EventType "team-tourn"]
[EventRounds "11"]
[EventCountry "POL"]
[SourceTitle "EXT 2010"]
[Source "ChessBase"]
[SourceDate "2010.11.25"]
[SourceVersion "1"]
[SourceVersionDate "2010.11.25"]
[SourceQuality "1"]

1. e4 e5 2. Nc3 Bc5 3. Bc4 Nc6 4. d3 d6 5. a3 Qf6 6. Qf3 Nd4 7. Qxf6 Nxf6 8. Kd1 Ng4 9. Nh3 Ne6 10. f3 Ne3+ 11. Bxe3 Bxe3 12. Nb5 Bb6 13. Rf1 a6 14. Nc3 Bd7 15. Nd5 Ba7 16. f4 exf4 17. Nhxf4 Rc8 18. Kd2 c6 19. Nc3 0-0 20. Bxe6 fxe6 21. Nh3 e5 22. Ng5 h6 23. Nf3 Rf7 24. h3 Rcf8 25. Ne2 Bb6 26. Ng3 Bxh3 27. gxh3 Rxf3 28. Nf5 Rxf1 29. Rxf1 Rf6 30. Ne7+ Kf7 31. Nf5 Kg8 32. Rf3 Kh7 33. Rg3 1/2-1/2

[Event "POL-chT2 U20 Girls"]
[Site "Lublin"]
[Date "2007.07.08"]
[Round "2"]
[White "Makosa, Sylwia"]
[Black "Furman, Justyna"]
[Result "1-0"]
[WhiteElo "1897"]
[BlackElo "1804"]
[PlyCount "60"]
[EventDate "2007.07.07"]
[EventType "team-tourn"]
[EventRounds "11"]
[EventCountry "POL"]
[SourceTitle "EXT 2010"]
[Source "ChessBase"]
[SourceDate "2010.11.25"]
[SourceVersion "1"]
[SourceVersionDate "2010.11.25"]
[SourceQuality "1"]

1. e4 e6 2. d4 d5 3. e5 c5 4. c3 Qb6 5. a3 Nc6 6. Nf3 Bd7 7. b4 cxd4 8. cxd4 a6 9. Be2 Nge7 10. 0-0 Nf5 11. Bb2 Be7 12. Qd3 Na7 13. Nc3 Nb5 14. Na4 Qd8 15. Nc5 b6 16. Nxd7 Qxd7 17. Rac1 0-0 18. g4 Nh4 19. Nxh4 Bxh4 20. Qh3 g5 21. f4 f5 22. gxf5 Rxf5 23. Bg4 h6 24. Bxf5 exf5 25. fxg5 Bxg5 26. Rc2 Rf8 27. Rg2 Qg7 28. Kh1 f4 29. Qe6+ Kh8 30. Qxd5 Nc7 1-0

[Event "Rewal op 11th"]
[Site "Rewal"]
[Date "2006.08.27"]
[Round "9"]
[White "Niedzwiedz, Marek"]
[Black "Furman, Justyna"]
[Result "1-0"]
[WhiteElo "2000"]
[BlackElo "1797"]
[PlyCount "93"]
[EventDate "2006.08.21"]
[EventType "swiss"]
[EventRounds "11"]
[EventCountry "POL"]
[SourceTitle "EXT 2010"]
[Source "ChessBase"]
[SourceDate "2010.11.25"]
[SourceVersion "1"]
[SourceVersionDate "2010.11.25"]
[SourceQuality "1"]

1. Nf3 e6 2. g3 f5 3. Bg2 Nf6 4. d3 Be7 5. 0-0 0-0 6. Nbd2 d6 7. c3 Qe8 8. Qb3 h6 9. e4 Kh8 10. exf5 exf5 11. Nd4 c6 12. Ne6 Bxe6 13. Qxe6 Qd7 14. Re1 Bd8 15. Qxd7 Nbxd7 16. Nc4 Ne8 17. Bf4 Bc7 18. h4 Ndf6 19. Re7 Nh5 20. Bd2 d5 21. Ne5 Bxe5 22. Rxe5 Nd6 23. Bf3 Nf6 24. Re6 Rad8 25. Bf4 Nf7 26. Rae1 Rd7 27. Be3 b6 28. Bd4 Nd8 29. Re7 Rf7 30. Bxf6 gxf6 31. Re8+ Kg7 32. Bh5 Rf8 33. R1e7+ Rxe7 34. Rxe7+ Kg8 35. Rxa7 Ne6 36. Bg6 c5 37. Bxf5 Nd8 38. Bh7+ Kh8 39. Bg6 Kg8 40. Rd7 Nc6 41. Rb7 Ne5 42. h5 f5 43. Rxb6 Nxd3 44. g4 Nc1 45. Bxf5 Nxa2 46. Rg6+ Kf7 47. Rxh6 1-0

[Event "Rewal op 11th"]
[Site "Rewal"]
[Date "2006.08.21"]
[Round "1"]
[White "Chojnacki, Slawomir"]
[Black "Furman, Justyna"]
[Result "1-0"]
[WhiteElo "2215"]
[BlackElo "1797"]
[PlyCount "57"]
[EventDate "2006.08.21"]
[EventType "swiss"]
[EventRounds "11"]
[EventCountry "POL"]
[SourceTitle "EXT 2010"]
[Source "ChessBase"]
[SourceDate "2010.11.25"]
[SourceVersion "1"]
[SourceVersionDate "2010.11.25"]
[SourceQuality "1"]

1. d4 e6 2. Nf3 f5 3. g4 fxg4 4. Ne5 Nf6 5. Bg5 g3 6. hxg3 d6 7. Ng6 Rg8 8. Rxh7 Be7 9. Rh1 Nbd7 10. e3 Nf8 11. Bd3 Bd7 12. Nxf8 Kxf8 13. Nd2 Bc6 14. e4 Qd7 15. c4 Qe8 16. Qe2 Qf7 17. f4 Ke8 18. 0-0-0 Kd7 19. d5 exd5 20. exd5 Bxd5 21. cxd5 Nxd5 22. Bxe7 Nxe7 23. Bc4 d5 24. Nf3 Qf6 25. Bxd5 Nxd5 26. Rxd5+ Kc8 27. Ne5 b6 28. Qa6+ Kb8 29. Nd7# 1-0

[Event "POL-ch U16 Girls"]
[Site "Leba"]
[Date "2006.03.26"]
[Round "3"]
[White "Bukwa, Karolina"]
[Black "Furman, Justyna"]
[Result "1/2-1/2"]
[WhiteElo "1800"]
[BlackElo "1788"]
[PlyCount "100"]
[EventDate "2006.03.25"]
[EventType "swiss"]
[EventRounds "11"]
[EventCountry "POL"]
[SourceTitle "CBM 111 Extra"]
[Source "ChessBase"]
[SourceDate "2006.05.09"]
[SourceVersion "1"]
[SourceVersionDate "2006.05.09"]
[SourceQuality "1"]

1. e4 e6 2. d4 d5 3. Nc3 dxe4 4. Nxe4 Nd7 5. Nf3 Ngf6 6. Nxf6+ Nxf6 7. Bg5 Be7 8. Be2 0-0 9. 0-0 b6 10. Re1 Bb7 11. Ne5 Rc8 12. Bf3 Bxf3 13. Nxf3 h6 14. Bh4 Nd5 15. Bxe7 Qxe7 16. c3 c5 17. Qe2 Qf6 18. Rad1 Rfd8 19. Rd2 Nf4 20. Qe4 cxd4 21. Rxd4 Rxd4 22. Nxd4 Nd5 23. Nb5 Rc5 24. Nd4 Qf4 25. Nf3 Rb5 26. Qc2 Nf6 27. c4 Rc5 28. b3 Qc7 29. Qd3 Rc6 30. Rd1 Ne8 31. Qd7 Qxd7 32. Rxd7 Rd6 33. Ne5 Rxd7 34. Nxd7 Nd6 35. Ne5 f6 36. Nc6 a5 37. f3 Kf7 38. Kf2 Ke8 39. Ke3 Kd7 40. Nd4 Nf7 41. Kd3 Ne5+ 42. Kc3 Nc6 43. Nb5 Ne5 44. a3 Ng6 45. g3 Ne5 46. Nd4 Nc6 47. Nb5 Ne5 48. Nd4 Nc6 49. Nb5 Ne5 50. Nd4 Nc6 1/2-1/2